[Event "Gran Canaria Vecindario op 1st"]
[Site "Gran Canaria"]
[Date "2023.11.04"]
[Round "2"]
[White "Garcia Rodriguez, Adriana"]
[Black "Gil Vega, Marcel"]
[Result "1-0"]
[WhiteElo "1539"]
[BlackElo "1985"]
[PlyCount "85"]
[EventDate "2023.11.04"]
[EventType "swiss"]
[EventRounds "9"]
[EventCountry "ESP"]
[SourceTitle "CB46_2023"]
[SourceDate "2023.11.15"]
[SourceVersion "1"]
[SourceVersionDate "2023.11.15"]
[SourceQuality "1"]

1. e4 c6 2. d4 d5 3. exd5 cxd5 4. c4 Nf6 5. Nc3 e6 6. Nf3 Nc6 7. cxd5 exd5 8. Bg5 Be7 9. Qb3 Na5 10. Qa4+ Bd7 11. Bb5 0-0 12. 0-0 Bxb5 13. Qxb5 a6 14. Qa4 b5 15. Qd1 Nc4 16. b3 Nb6 17. Rc1 Rc8 18. Re1 h6 19. Bh4 Re8 20. Qd3 Nbd7 21. Ne5 Nf8 22. h3 N8d7 23. Qg3 b4 24. Ne2 Ne4 25. Rxc8 Qxc8 26. Qf4 Nxe5 27. dxe5 Bxh4 28. Qxh4 Qf5 29. f3 Ng5 30. Ng3 Qg6 31. f4 Ne4 32. Nxe4 dxe4 33. Qg4 Qb6+ 34. Kh2 f6 35. Rxe4 fxe5 36. fxe5 a5 37. Qd7 Rf8 38. Qd5+ Kh8 39. e6 Rf1 40. Qd4 Qc7+ 41. Qe5 Qc1 42. e7 Kg8 43. Re3 1-0

[Event "ESP-chT CECLUB Div2"]
[Site "Linares"]
[Date "2022.08.24"]
[Round "4.8"]
[White "Gil Vega, Marcel"]
[Black "Lopez Quevedo, Angel Carlos"]
[Result "1/2-1/2"]
[WhiteElo "1968"]
[BlackElo "2096"]
[PlyCount "54"]
[EventDate "2022.08.22"]
[EventType "team-swiss"]
[EventRounds "7"]
[EventCountry "ESP"]
[SourceTitle "CBM 209 Extra"]
[Source "ChessBase"]
[SourceDate "2022.09.30"]
[SourceVersion "1"]
[SourceVersionDate "2022.09.30"]
[SourceQuality "1"]
[WhiteTeam "La Caja de Vecindario"]
[BlackTeam "Tomelloso"]
[WhiteTeamCountry "ESP"]
[BlackTeamCountry "ESP"]

1. Nf3 Nf6 2. g3 e6 3. d4 b5 4. Bg2 Bb7 5. 0-0 Be7 6. a4 b4 7. c4 0-0 8. b3 c5 9. e3 Qc7 10. Bb2 cxd4 11. exd4 a5 12. Nbd2 d6 13. Re1 Nbd7 14. Qc2 Rfe8 15. Rad1 Rac8 16. h4 Qb8 17. Bh3 Qa8 18. Qd3 Rcd8 19. Ng5 Nf8 20. h5 Nxh5 21. Nxf7 Kxf7 22. Bxe6+ Nxe6 23. Qf5+ Nf6 24. Qxe6+ Kf8 25. d5 Qc8 26. Qe3 Qf5 27. f3 Kg8 1/2-1/2

[Event "Gran Canaria Cabildo Cup"]
[Site "Gran Canaria"]
[Date "2022.04.15"]
[Round "7"]
[White "Bandin Lata, Daniel"]
[Black "Gil Vega, Marcel"]
[Result "0-1"]
[WhiteElo "1006"]
[BlackElo "1979"]
[PlyCount "74"]
[EventDate "2022.04.10"]
[EventType "swiss"]
[EventRounds "7"]
[EventCountry "ESP"]
[SourceTitle "CBM 207 Extra"]
[Source "ChessBase"]
[SourceDate "2022.05.31"]
[SourceVersion "1"]
[SourceVersionDate "2022.05.31"]
[SourceQuality "1"]

1. d4 d5 2. Nc3 Nf6 3. Bg5 Bf5 4. Bxf6 exf6 5. e3 Bb4 6. Bd3 Bg6 7. Nge2 Nc6 8. Bxg6 hxg6 9. Qd3 Qd6 10. g3 0-0-0 11. 0-0-0 Bxc3 12. Qxc3 g5 13. Qc5 Rh3 14. Qxd6 Rxd6 15. Nc3 f5 16. a3 Ne7 17. g4 fxg4 18. Rdg1 f5 19. Rg3 Rdh6 20. Rg2 c6 21. Ne2 Ng6 22. Kd2 Nh4 23. Rg3 Nf3+ 24. Kd3 Rxh2 25. Rf1 Rh1 26. Rxh1 Rxh1 27. Kc3 Rh2 28. Kd3 Rxf2 29. c3 Rh2 30. b3 Kd7 31. a4 Ke6 32. c4 Rh3 33. Rxh3 gxh3 34. Ng3 g4 35. c5 g5 36. Ke2 f4 37. exf4 gxf4 0-1

[Event "Guia-Vecindario m"]
[Site "Las Palmas"]
[Date "2022.02.05"]
[Round "2.2"]
[White "Gil Vega, Marcel"]
[Black "Moreno Diepa, Diego"]
[Result "1-0"]
[WhiteElo "1979"]
[BlackElo "1995"]
[PlyCount "67"]
[EventDate "2022.01.29"]
[EventType "team-match"]
[EventRounds "2"]
[EventCountry "ESP"]
[SourceTitle "EXT 2024"]
[Source "ChessBase"]
[SourceDate "2023.10.10"]
[SourceVersion "1"]
[SourceVersionDate "2023.10.10"]
[SourceQuality "1"]
[WhiteTeam "La Caja de Vecindario"]
[BlackTeam "Guia"]
[WhiteTeamCountry "ESP"]
[BlackTeamCountry "ESP"]

1. d4 d5 2. c4 c6 3. Nf3 Nf6 4. g3 dxc4 5. Bg2 g6 6. Ne5 Be6 7. Nc3 Bg7 8. 0-0 0-0 9. a4 Na6 10. e4 Nb4 11. Be3 h5 12. h3 Qc8 13. Kh2 Rd8 14. Qe2 Nd3 15. Nxd3 cxd3 16. Qxd3 Nd7 17. Qc2 Nb8 18. Rad1 Na6 19. f4 Nb4 20. Qb1 Bc4 21. Rf2 Bh6 22. b3 Ba6 23. Na2 Nxa2 24. Qxa2 e5 25. Rfd2 exf4 26. gxf4 Qc7 27. e5 Qe7 28. Qc2 Qh4 29. Qe4 Rd5 30. Rg1 Rad8 31. Bf3 c5 32. Rxg6+ Bg7 33. Rg5 cxd4 34. Bf2 1-0

[Event "ESP-chT CECLUB Div2"]
[Site "Linares"]
[Date "2021.08.12"]
[Round "5.6"]
[White "Rodriguez del Cerro, Ricardo"]
[Black "Gil Vega, Marcel"]
[Result "1-0"]
[WhiteElo "1998"]
[BlackElo "1991"]
[PlyCount "73"]
[EventDate "2021.08.09"]
[EventType "team-swiss"]
[EventRounds "7"]
[EventCountry "ESP"]
[SourceTitle "CBM 203 Extra"]
[Source "ChessBase"]
[SourceDate "2021.09.30"]
[SourceVersion "1"]
[SourceVersionDate "2021.09.30"]
[SourceQuality "1"]
[WhiteTeam "Sevilla Casa del Ajedrez"]
[BlackTeam "La Caja de Vecindario"]
[WhiteTeamCountry "ESP"]
[BlackTeamCountry "ESP"]

1. e4 c6 2. Nc3 d5 3. Nf3 Bg4 4. h3 Bxf3 5. Qxf3 e6 6. d4 Nf6 7. exd5 cxd5 8. Bd3 Nc6 9. Ne2 Be7 10. c3 Rc8 11. 0-0 a6 12. Bf4 0-0 13. Rfd1 b5 14. a4 Qb6 15. b4 Rfd8 16. Rdb1 Qb7 17. Nc1 Nd7 18. axb5 axb5 19. Qe2 Na7 20. Ra3 Nb8 21. Nb3 Nbc6 22. Rba1 Rd7 23. Qa2 g5 24. Bh2 Bxb4 25. cxb4 Nxb4 26. Qd2 Nxd3 27. Qxg5+ Kf8 28. Rxa7 Qxa7 29. Rxa7 Rxa7 30. Bd6+ Ke8 31. Nc5 Nxc5 32. dxc5 Ra1+ 33. Kh2 Kd7 34. Qf6 Raa8 35. Qxf7+ Kc6 36. Qxe6 b4 37. Bb8+ 1-0

[Event "Sitges Sunway op-B 5th"]
[Site "Sitges"]
[Date "2018.12.14"]
[Round "1"]
[White "Al Dosari, Naif"]
[Black "Gil Vega, Marcel"]
[Result "1-0"]
[WhiteElo "1703"]
[BlackElo "1977"]
[PlyCount "69"]
[EventDate "2018.12.14"]
[EventType "swiss"]
[EventRounds "10"]
[EventCountry "ESP"]
[SourceTitle "CBM 187 Extra"]
[Source "ChessBase"]
[SourceDate "2018.11.04"]
[SourceVersion "1"]
[SourceVersionDate "2018.11.04"]
[SourceQuality "1"]

1. d4 d5 2. Nf3 Nf6 3. c4 c6 4. Nc3 a6 5. g3 Bf5 6. Bg2 e6 7. 0-0 Nbd7 8. Re1 Bb4 9. Bd2 0-0 10. Qb3 Bxc3 11. bxc3 b5 12. c5 Be4 13. Bf4 Bxf3 14. exf3 Re8 15. h4 e5 16. dxe5 Nxc5 17. Qc2 Nfd7 18. Re2 f6 19. exf6 Qxf6 20. Rae1 Rxe2 21. Rxe2 Ne6 22. Bd6 Ng5 23. Be7 Nxf3+ 24. Kh1 Qf7 25. Re3 Nfe5 26. Bd6 Nc4 27. Re7 Qf6 28. Rxd7 Nxd6 29. Kg1 Qe6 30. Rc7 Nc4 31. Qd1 Qd6 32. Rxc6 Qd7 33. Qxd5+ Qxd5 34. Bxd5+ Kh8 35. Rxc4 1-0

[Event "Medellin Flores op 25th"]
[Site "Medellin"]
[Date "2018.08.06"]
[Round "7"]
[White "Franco, William"]
[Black "Gil Vega, Marcel"]
[Result "1-0"]
[WhiteElo "2087"]
[BlackElo "2003"]
[PlyCount "119"]
[EventDate "2018.08.03"]
[EventType "swiss"]
[EventRounds "9"]
[EventCountry "COL"]
[SourceTitle "CBM 185 Extra"]
[Source "ChessBase"]
[SourceDate "2018.07.29"]
[SourceVersion "1"]
[SourceVersionDate "2018.07.29"]
[SourceQuality "1"]

1. c4 c6 2. e4 e5 3. Nf3 Nf6 4. Nc3 Qa5 5. d3 Bc5 6. Be2 d6 7. 0-0 Bg4 8. h3 Bxf3 9. Bxf3 Nbd7 10. a3 Bd4 11. Ne2 c5 12. Ng3 Qc7 13. Nf5 0-0 14. Qd2 Ne8 15. Ne7+ Kh8 16. Nd5 Qd8 17. Bd1 Ndf6 18. Ne3 Nc7 19. Nf5 Ne6 20. Qe2 g6 21. Nh6 Kg7 22. g3 Ng8 23. Nxg8 Kxg8 24. Bh6 Ng7 25. Kg2 Qd7 26. Rb1 f5 27. b4 Rf7 28. Bxg7 Kxg7 29. exf5 Qxf5 30. Qe4 Qxe4+ 31. dxe4 Raf8 32. f3 cxb4 33. axb4 Rc8 34. Bb3 Rfc7 35. Rfd1 a5 36. b5 Ra8 37. Kf1 a4 38. Ba2 g5 39. Ke2 h5 40. f4 gxf4 41. gxf4 Kh6 42. Rxd4 exd4 43. Kd3 Rg7 44. Kxd4 Rg2 45. Ra1 Rd2+ 46. Ke3 Rh2 47. c5 Rxh3+ 48. Kd4 dxc5+ 49. Kxc5 Ra3 50. Kb4 Rf3 51. Bd5 h4 52. Bxb7 Rd8 53. Bd5 Rxf4 54. Kc5 Kg5 55. b6 Kg4 56. b7 Rf2 57. Be6+ Kg3 58. Ra3+ Kf4 59. Rxa4 Rb2 60. Ra8 1-0

[Event "Medellin Flores op 25th"]
[Site "Medellin"]
[Date "2018.08.04"]
[Round "2"]
[White "Gil Vega, Marcel"]
[Black "Castano, Saray"]
[Result "1/2-1/2"]
[WhiteElo "2003"]
[BlackElo "1600"]
[PlyCount "36"]
[EventDate "2018.08.03"]
[EventType "swiss"]
[EventRounds "9"]
[EventCountry "COL"]
[SourceTitle "CBM 185 Extra"]
[Source "ChessBase"]
[SourceDate "2018.07.29"]
[SourceVersion "1"]
[SourceVersionDate "2018.07.29"]
[SourceQuality "1"]

1. d4 Nf6 2. c4 g6 3. Nf3 Bg7 4. g3 0-0 5. Bg2 d6 6. 0-0 Nbd7 7. Nc3 c5 8. Qc2 Rb8 9. Rd1 b6 10. h3 a6 11. a4 Bb7 12. d5 Ne8 13. e4 Nc7 14. Bf1 Bc8 15. Bg5 Ne5 16. Nxe5 Bxe5 17. Bh6 Re8 18. Re1 Bd7 1/2-1/2

[Event "Sitges Sunway op-B 4th"]
[Site "Sitges"]
[Date "2017.12.20"]
[Round "6.1"]
[White "Gil Vega, Marcel"]
[Black "Vallbona Domingo, Joan"]
[Result "1/2-1/2"]
[WhiteElo "1978"]
[BlackElo "1918"]
[PlyCount "92"]
[EventDate "2017.12.15"]
[EventType "swiss"]
[EventRounds "9"]
[EventCountry "ESP"]
[SourceTitle "EXT 2024"]
[Source "ChessBase"]
[SourceDate "2023.10.10"]
[SourceVersion "1"]
[SourceVersionDate "2023.10.10"]
[SourceQuality "1"]

1. d4 Nf6 2. Nf3 b6 3. g3 e6 4. Bg2 Bb7 5. 0-0 c5 6. c3 Be7 7. Bg5 0-0 8. Nbd2 d6 9. e3 h6 10. Bxf6 Bxf6 11. Qc2 Qc7 12. Ne4 Be7 13. Rfd1 Nd7 14. a4 Rfc8 15. a5 Nf6 16. Nfd2 cxd4 17. axb6 axb6 18. Nxf6+ Bxf6 19. Rxa8 Rxa8 20. Bxb7 Qxb7 21. exd4 Qc6 22. Ne4 Be7 23. Qd3 d5 24. Nd2 Ra2 25. Qc2 Qb5 26. Rb1 Qa6 27. Qb3 b5 28. Nf3 Ra4 29. Ne5 Bd6 30. Re1 Bxe5 31. dxe5 Qc6 32. Qd1 Qc5 33. Qd3 Ra2 34. Rb1 g6 35. Kg2 Ra4 36. Re1 b4 37. cxb4 Rxb4 38. Re2 Qb6 39. Rc2 Qd4 40. Qxd4 Rxd4 41. Rc8+ Kg7 42. Rb8 g5 43. b4 Re4 44. b5 Rxe5 45. b6 d4 46. Rd8 Rb5 1/2-1/2

[Event "Benidorm op U2000 16th"]
[Site "Benidorm"]
[Date "2017.12.09"]
[Round "10"]
[White "Gil Vega, Marcel"]
[Black "Hall, Rachid"]
[Result "1-0"]
[WhiteElo "1978"]
[BlackElo "1926"]
[PlyCount "105"]
[EventDate "2017.12.01"]
[EventType "swiss"]
[EventRounds "10"]
[EventCountry "ESP"]
[SourceTitle "EXT 2019"]
[Source "ChessBase"]
[SourceDate "2018.10.10"]
[SourceVersion "1"]
[SourceVersionDate "2018.10.10"]
[SourceQuality "1"]

1. d4 Nf6 2. Nf3 c5 3. c4 Qb6 4. d5 e6 5. Nc3 d6 6. e4 e5 7. Be2 Be7 8. h3 Nbd7 9. 0-0 Nf8 10. Rb1 Ng6 11. Be3 Qa5 12. Qc2 Bd7 13. a3 Qc7 14. Rfc1 0-0 15. b4 cxb4 16. axb4 Nh5 17. c5 Nhf4 18. Bf1 Rac8 19. c6 bxc6 20. Nb5 Qb7 21. Nxa7 cxd5 22. Nxc8 Rxc8 23. Qd1 dxe4 24. Rxc8+ Bxc8 25. Nd2 d5 26. Bc5 d4 27. Bxe7 Nxe7 28. Nc4 Qb8 29. Qa4 Bf5 30. Nd6 Bg6 31. Qd7 e3 32. Rc1 Qf8 33. fxe3 dxe3 34. g3 e2 35. gxf4 exf1Q+ 36. Rxf1 exf4 37. Re1 Qb8 38. Qc8+ Qxc8 39. Nxc8 Kf8 40. Nxe7 Bd3 41. Nd5 g5 42. Kf2 h6 43. h4 Kg7 44. hxg5 hxg5 45. Kf3 Bc4 46. Nc7 Kf6 47. Rc1 Bb3 48. b5 Kf5 49. Rc5+ Kf6 50. b6 Bd1+ 51. Kf2 g4 52. Nd5+ Ke5 53. Nc3+ 1-0

[Event "Sabadell op-B 10th"]
[Site "Sabadell"]
[Date "2017.09.04"]
[Round "4"]
[White "Caballe Sasot, Roger"]
[Black "Gil Vega, Marcel"]
[Result "0-1"]
[WhiteElo "1849"]
[BlackElo "1969"]
[PlyCount "38"]
[EventDate "2017.09.01"]
[EventType "swiss"]
[EventRounds "9"]
[EventCountry "ESP"]
[SourceTitle "EXT 2019"]
[Source "ChessBase"]
[SourceDate "2018.10.10"]
[SourceVersion "1"]
[SourceVersionDate "2018.10.10"]
[SourceQuality "1"]

1. c4 c6 2. d4 d5 3. e3 Nf6 4. Nf3 a6 5. a4 g6 6. c5 Nbd7 7. a5 Bg7 8. Be2 0-0 9. 0-0 Qc7 10. Nc3 e5 11. dxe5 Ng4 12. h3 Ngxe5 13. e4 Nxf3+ 14. Bxf3 d4 15. Ne2 Nxc5 16. Nxd4 Rd8 17. Be3 Bxd4 18. Bxd4 Ne6 19. Ra4 c5 0-1

[Event "Sabadell op-B 10th"]
[Site "Sabadell"]
[Date "2017.09.03"]
[Round "3"]
[White "Gil Vega, Marcel"]
[Black "Cabrera Marmol, Manel"]
[Result "1-0"]
[WhiteElo "1969"]
[BlackElo "1871"]
[PlyCount "103"]
[EventDate "2017.09.01"]
[EventType "swiss"]
[EventRounds "9"]
[EventCountry "ESP"]
[SourceTitle "EXT 2019"]
[Source "ChessBase"]
[SourceDate "2018.10.10"]
[SourceVersion "1"]
[SourceVersionDate "2018.10.10"]
[SourceQuality "1"]

1. d4 d5 2. Nf3 Nf6 3. g3 c5 4. Bg2 Nc6 5. 0-0 Bg4 6. Ne5 cxd4 7. Nxg4 Nxg4 8. e3 Nf6 9. exd4 e6 10. c3 Bd6 11. Re1 h5 12. Bg5 Qc7 13. Na3 a6 14. c4 Bxa3 15. bxa3 dxc4 16. Rc1 Ne7 17. Bxf6 gxf6 18. Qf3 Rb8 19. d5 h4 20. dxe6 hxg3 21. hxg3 f5 22. Qe2 b5 23. exf7+ Kf8 24. a4 Rh7 25. axb5 axb5 26. a4 Rxf7 27. axb5 c3 28. Qd3 Rc8 29. Rc2 f4 30. Rec1 fxg3 31. Qxg3 Qb6 32. Qe3 Qxb5 33. Rxc3 Re8 34. Qh6+ Rg7 35. Rf3+ Nf5 36. Qf6+ Kg8 37. Qxf5 Qxf5 38. Rxf5 Kh7 39. Kf1 Reg8 40. Rh5+ Kg6 41. Rh2 Kf5 42. Rc5+ Ke6 43. Rh6+ Ke7 44. Rc7+ Kd8 45. Rxg7 Rxg7 46. Re6 Rc7 47. Re1 Rf7 48. f3 Kd7 49. Kf2 Kd6 50. Bh3 Rg7 51. Bg4 Rg6 52. Kg3 1-0

[Event "Hospitalet de Llobregat Ponce 3rd"]
[Site "Hospitalet de Llobregat"]
[Date "2017.05.20"]
[Round "7"]
[White "Capellades Subirana, Marc"]
[Black "Gil Vega, Marcel"]
[Result "1-0"]
[WhiteElo "2181"]
[BlackElo "1887"]
[PlyCount "57"]
[EventDate "2017.04.01"]
[EventType "swiss"]
[EventRounds "9"]
[EventCountry "ESP"]
[SourceTitle "EXT 2018"]
[Source "ChessBase"]
[SourceDate "2017.10.13"]
[SourceVersion "1"]
[SourceVersionDate "2017.10.13"]
[SourceQuality "1"]

1. e4 c6 2. d4 d5 3. Nc3 dxe4 4. Nxe4 Nd7 5. Nf3 Ngf6 6. Ng3 e6 7. Bc4 Bd6 8. Qe2 0-0 9. c3 a6 10. Ne5 Qc7 11. f4 b5 12. Bb3 Bb7 13. 0-0 c5 14. Kh1 Rad8 15. Bd2 Qb6 16. Rad1 cxd4 17. cxd4 Bd5 18. Bxd5 Nxd5 19. Rc1 Nb8 20. Ne4 Be7 21. Nc5 Nf6 22. Be3 Rd5 23. a4 Rfd8 24. Bg1 Bf8 25. Rf3 Rc8 26. Ncd7 Qd8 27. Nxf6+ gxf6 28. Rg3+ Bg7 29. Qg4 1-0

[Event "Barcelona Tupinamba op 12th"]
[Site "Barcelona"]
[Date "2017.05.10"]
[Round "7.7"]
[White "Planella Sanchez, Jordi"]
[Black "Gil Vega, Marcel"]
[Result "1-0"]
[WhiteElo "1979"]
[BlackElo "1842"]
[PlyCount "53"]
[EventDate "2017.03.22"]
[EventType "swiss"]
[EventRounds "9"]
[EventCountry "ESP"]
[SourceTitle "EXT 2024"]
[Source "ChessBase"]
[SourceDate "2023.10.10"]
[SourceVersion "1"]
[SourceVersionDate "2023.10.10"]
[SourceQuality "1"]

1. e4 c6 2. d4 d5 3. e5 Bf5 4. g4 Bd7 5. Nc3 e6 6. Be3 c5 7. f4 cxd4 8. Bxd4 Nc6 9. Bf2 Bb4 10. Nge2 Nge7 11. Bg2 a6 12. Qd3 b5 13. 0-0-0 Rc8 14. Kb1 Na5 15. f5 Nc4 16. Bd4 Nc6 17. Qg3 Qa5 18. Rd3 Nxb2 19. Bb6 Qxb6 20. Kxb2 Ba3+ 21. Ka1 Nb4 22. Rd2 d4 23. Nxd4 Qc5 24. Ne4 Bb2+ 25. Kxb2 Nd3+ 26. Rxd3 Qb4+ 27. Nb3 1-0